000 01059nam a22002537a 4500
999 _c2423
_d2423
003 AR-CdUCM
008 190304b ||||| |||| 00| 0 spa d
020 _a950-694-154-8
040 _aMUNICIPALIDAD PROVINCIAL DEL CUSCO
_cBIBLIOTECA MUNICIPAL DEL CUSCO
041 _heng
082 _22ed.
_a327.8 /
_bAT873
100 _aAtkins, G. Pope.
_94941
245 _aAmérica Latina en el sistema político internacional /
260 _aBuenos Aires :
_b Grupo Editor Latinoamericano,
_c1991.
300 _a:492 paginas ;
_c23 cm.
505 _aEl sistema político internacional -- El sistema internacional integrado -- El subsistema regional latino americano -- El nivel regional latinoamericano -- Estados no Hemisferios -- Posición de américa latina en las políticas latinoamericanas...
650 _aRelaciones economicas
_97042
650 _aEstados latinoamericanos
_98699
650 _aAcuerdo globales
_98700
650 _arelaciones diplomaticas
_98701
700 _aNicastro, Laura (Traductor)
_98702
942 _2ddc
_cLIBROS
945 _awnts